000
00340nam a2200145Ia 4500
005
20251222153628.0
008
251222s9999||||xx |||||||||||||| ||spa||
020
_a
8408301066
082
_a
610.9/P59
100
_a
Pinós Tomás
245
0
_a
Médicos y Aventuras:
250
_a
1ra. ed.
264
_b
Editorial Planeta
942
_c
LIB
999
_c
32267
_d
32267